Carregant...

Vyutpattivada /

Dades bibliogràfiques
Autor principal: Gadadharabhattacharya
Altres autors: Jha, Kirtyananda (Editor)
Format: Printed Book
Idioma:English
Publicat: Varanasi: Chaukhamba Amarbharati Prakashan, 1976.
LEADER 00543nam a22001457a 4500
008 150915b xxu||||| |||| 00| 0 eng d
082 |a 181.43, GAD/V 
100 |a Gadadharabhattacharya 
245 |a Vyutpattivada /  |c Ed. by Kirtyananda Jha 
260 |a Varanasi:  |b Chaukhamba Amarbharati Prakashan,  |c 1976. 
300 |a 212p. 
700 |a Jha, Kirtyananda  |e Editor. 
942 |c BK 
999 |c 249131  |d 249131 
952 |0 0  |1 0  |4 0  |6 181_000000000000000_43_GAD_V  |7 0  |9 276800  |a SAN  |b SAN  |c ST1  |d 2015-09-15  |g 45.00  |i 454  |l 0  |o 181.43, GAD/V  |p SAN454  |r 2015-09-15  |w 2015-09-15  |y BK